书目信息 |
| 题名: |
温室大棚种菜技术正误精解
|
|
| 作者: | 裴孝伯 编著 | |
| 分册: | ||
| 出版信息: | 北京 化学工业出版社 2010 |
|
| 页数: | 246页 | |
| 开本: | 20cm | |
| 丛书名: | ||
| 单 册: | ||
| 中图分类: | S626.5 | |
| 科图分类: | ||
| 主题词: | 蔬菜--温室栽培 , 蔬菜 , 温室栽培 | |
| 电子资源: | ||
| ISBN: | 978-7-122-08555-9 | |
| 000 | 00884nam0 2200253 45 | |
| 001 | 1130215797 | |
| 005 | 20110309141242.23 | |
| 010 | @a978-7-122-08555-9@dCNY20.00 | |
| 100 | @a20110122d2010 ekmy0chiy0120 ea | |
| 101 | 0 | @achi |
| 102 | @aCN@b110000 | |
| 105 | @ay z 000yy | |
| 106 | @ar | |
| 200 | 1 | @a温室大棚种菜技术正误精解@AWen Shi Da Peng Zhong Cai Ji Shu Zheng Wu Jing Jie@f裴孝伯编著@FPei Xiao Bo Bian Zhu |
| 210 | @a北京@c化学工业出版社@d2010 | |
| 215 | @a246页@d20cm | |
| 330 | @a本书围绕温室大棚蔬菜生产的优质、高产、高效,从温室大棚的环境管理、品种选择、栽培管理、平衡施肥、科学施药和节水节能等方面提出了80个容易出错的做法,进行直观、通俗简明的解答。 | |
| 606 | 0 | @a蔬菜@x温室栽培 |
| 606 | 0 | @a蔬菜 |
| 606 | 0 | @a温室栽培 |
| 690 | @aS626.5@v4 | |
| 701 | 0 | @a裴孝伯@APei Xiao Bo@4编著 |
| 801 | 0 | @aCN@bTANGWEI@c20110309 |
| 905 | @b0530579-83@dS626.5@e214@f5 | |
| 温室大棚种菜技术正误精解/裴孝伯编著.-北京:化学工业出版社,2010 |
| 246页;20cm |
| ISBN 978-7-122-08555-9:CNY20.00 |
| 本书围绕温室大棚蔬菜生产的优质、高产、高效,从温室大棚的环境管理、品种选择、栽培管理、平衡施肥、科学施药和节水节能等方面提出了80个容易出错的做法,进行直观、通俗简明的解答。 |
| ● |
| 相关链接 |
|
|
|
|
正题名:温室大棚种菜技术正误精解
索取号:S626.5/214
 
预约/预借
| 序号 | 登录号 | 条形码 | 馆藏地/架位号 | 状态 | 备注 |
| 1 | 0530579 | 205305793 | 第二样本阅览室/ [索取号:S626.5/214] | 在馆 | |
| 2 | 0530580 | 205305800 | 第三借阅区/ [索取号:S626.5/214] | 在馆 | |
| 3 | 0530581 | 205305819 | 第三借阅区/ [索取号:S626.5/214] | 在馆 | |
| 4 | 0530582 | 205305828 | 第三借阅区/ [索取号:S626.5/214] | 在馆 | |
| 5 | 0530583 | 205305837 | 密集书库-生命科学系/ [索取号:S626.5/214] | 在馆 |